[Event "BCF-chT3 1314 (4NCL)"]
[Site "England"]
[Date "2014.05.05"]
[Round "11.85"]
[White "Hoffman, Hendrik"]
[Black "Lim, Zhuo Ren"]
[Result "0-1"]
[WhiteElo "2209"]
[BlackElo "2191"]
[PlyCount "120"]
[EventDate "2013.11.16"]
[EventType "team-swiss"]
[EventRounds "11"]
[EventCountry "ENG"]
[SourceTitle "EXT 2015"]
[Source "ChessBase"]
[SourceDate "2014.11.20"]
[SourceVersion "1"]
[SourceVersionDate "2014.11.20"]
[SourceQuality "1"]
[WhiteTeam "Celtic Tigers"]
[BlackTeam "Sussex Smart Survivors"]
[WhiteTeamCountry "ENG"]
[BlackTeamCountry "ENG"]

1. e4 c5 2. Nf3 d6 3. d4 cxd4 4. Nxd4 Nf6 5. Nc3 a6 6. Bg5 e6 7. f4 Qc7 8. Bxf6 gxf6 9. Qd2 Nc6 10. 0-0-0 Bd7 11. Be2 h5 12. Kb1 0-0-0 13. Rhf1 Nxd4 14. Qxd4 Be7 15. f5 Qc5 16. Qxc5+ dxc5 17. a4 Rdg8 18. Rf2 Kc7 19. Bc4 Bc8 20. Ne2 Rd8 21. Rxd8 Rxd8 22. fxe6 Rd1+ 23. Ka2 fxe6 24. Nf4 Rd4 25. Bxe6 Rxa4+ 26. Kb3 Rb4+ 27. Kc3 Bxe6 28. Nxe6+ Kd6 29. Nf4 Rxe4 30. Nxh5 Ke5 31. Ng3 Rf4 32. Re2+ Kd6 33. Ne4+ Kd5 34. Rd2+ Kc6 35. Kd3 f5 36. Ng3 c4+ 37. Ke3 Rh4 38. Nxf5 Bg5+ 39. Ke2 Re4+ 40. Kd1 Bxd2 41. Kxd2 b5 42. g3 a5 43. h4 Kd5 44. c3 b4 45. h5 Ke5 46. Nd4 bxc3+ 47. bxc3 Kf6 48. Nf3 Rg4 49. Kc2 Rxg3 50. Nd2 Rg4 51. h6 Rh4 52. h7 Rxh7 53. Nxc4 Ra7 54. Kb3 Ke6 55. Ka4 Kd5 56. Kb5 Rb7+ 57. Nb6+ Rxb6+ 58. Kxb6 a4 59. Kb5 a3 60. c4+ Ke6 0-1

[Event "BCF-chT3S 1112 (4NCL)"]
[Site "England"]
[Date "2012.02.11"]
[Round "5.1"]
[White "Bonafont, Philip"]
[Black "Hoffman, Hendrik"]
[Result "0-1"]
[WhiteElo "2113"]
[BlackElo "2256"]
[PlyCount "66"]
[EventDate "2011.11.12"]
[EventType "team-swiss"]
[EventRounds "6"]
[EventCountry "ENG"]
[SourceTitle "EXT 2013"]
[Source "ChessBase"]
[SourceDate "2012.11.22"]
[SourceVersion "1"]
[SourceVersionDate "2012.11.22"]
[SourceQuality "1"]
[WhiteTeam "e2e4.org.uk II"]
[BlackTeam "Celtic Tigers"]
[WhiteTeamCountry "ENG"]
[BlackTeamCountry "ENG"]

1. d4 d5 2. Nf3 Nf6 3. c4 dxc4 4. Nc3 e6 5. e4 c5 6. d5 exd5 7. exd5 a6 8. a4 Bd6 9. Bxc4 0-0 10. 0-0 Bg4 11. b3 Nbd7 12. Bb2 Re8 13. Qd3 Bh5 14. Rfe1 Qc7 15. g3 Ng4 16. Nd2 Bg6 17. Qf1 Be5 18. Nf3 Bd4 19. Nxd4 cxd4 20. Ne2 d3 21. Nd4 Nde5 22. h3 Nxc4 23. bxc4 Ne5 24. Rec1 Qb6 25. Bc3 Nxc4 26. Rab1 Qd6 27. Rxb7 Qxd5 28. Rc7 Rac8 29. Rxc8 Rxc8 30. Qd1 h5 31. h4 Re8 32. Nf3 Re2 33. Nd2 Ne3 0-1